| 000 | 01121cam a2200325 i 4500 | ||
|---|---|---|---|
| 001 | 200448299 | ||
| 999 |
_c200448299 _d66511 |
||
| 003 | TR-AnTOB | ||
| 005 | 20240912110528.0 | ||
| 007 | ta | ||
| 008 | 971119m19869999tu a b f000 0 tur | ||
| 010 | _a97217228 | ||
| 040 |
_aDLC _beng _erda _cDLC _dDLC-R _dTR-AnTOB |
||
| 041 | 0 | _atur | |
| 050 | 0 | 0 |
_aHJ191.T92 _bO54 1986 |
| 090 | _aTOBBK HJ191.T92 O54 1986 | ||
| 100 |
_aÖner, Erdoğan _970150 |
||
| 245 | 1 | 0 |
_aKamu maliyesi / _cErdoğan Öner. |
| 264 | 1 |
_aAnkara : _bMaliye ve Gümrük bakanlığı, _c1986. |
|
| 300 |
_avolumes : _billustrations ; _c24 cm |
||
| 336 |
_atext _btxt _2rdacontent |
||
| 337 |
_aunmediated _bn _2rdamedia |
||
| 338 |
_avolume _bnc _2rdacarrier |
||
| 490 | 1 |
_aYayın / Maliye ve Gümrük Bakanlığı, Araştırma, Planlama, ve Koordinasyon Kurulu ; _vno. 282- |
|
| 505 | 1 | _a1. Kamu harcamaları ve kamu gelirleri. | |
| 650 | 0 |
_aMaliye, Kamu _922536 |
|
| 830 | 0 |
_aYayın (Turkey. Maliye ve Gümrük Bakanlığı. Araştırma, Planlama, ve Koordinasyon Kurulu Başkanlığı) ; _v282- |
|
| 942 |
_2z _cBK |
||